000 00696nam a2200289Ia 4500
005 20260324144706.0
008 008 260324s9999 xx 000 0 eng d
020 _a9781315763705
037 _aEBOOK
040 _aCRL
040 _beng
040 _cCRL
041 _2eng
041 _aeng
084 _qCRL
100 _aNigel Thrift; Peter Williams
_91220258
245 0 _aClass and Space (RLE Social Theory)
245 4 _bThe Making of Urban Society
260 _bTaylor and Francis
260 _c1987
365 _a
365 _b180
856 _uhttp://www.taylorfrancis.com/books/9781315763705
942 _cEBOOK
999 _c1827186
_d1827186